Carlitos / (Record no. 18607)

MARC details
000 -LEADER
fixed length control field 00840nam a22002537a 4500
001 - CONTROL NUMBER
control field sjds170154
003 - CONTROL NUMBER IDENTIFIER
control field sjds
005 - DATE AND TIME OF LATEST TRANSACTION
control field 20170720141020.0
008 - FIXED-LENGTH DATA ELEMENTS--GENERAL INFORMATION
fixed length control field 170720b nz||||| |||| 00| 0 spa d
020 ## - INTERNATIONAL STANDARD BOOK NUMBER
International Standard Book Number 0790109611 (pbk.)
020 ## - INTERNATIONAL STANDARD BOOK NUMBER
International Standard Book Number 9780790109619 (pbk.)
040 ## - CATALOGING SOURCE
Transcribing agency sjds
041 ## - LANGUAGE CODE
Language code of text/sound track or separate title spa
Language code of original eng
100 1# - MAIN ENTRY--PERSONAL NAME
Personal name Vaughan, Richard
245 ## - TITLE STATEMENT
Title Carlitos /
Statement of responsibility, etc. escrito por Richard Vaughan ; adaptado por Mary Cappellini ; ilustrado por Bryan Pollard.
260 ## - PUBLICATION, DISTRIBUTION, ETC. (IMPRINT)
Place of publication, distribution, etc. Auckland, N.Z. :
Name of publisher, distributor, etc. Shortland Publications ;
Place of publication, distribution, etc. Crystal Lake, Ill. :
Name of publisher, distributor, etc. Distributed by Rigby,
Date of publication, distribution, etc. c1995.
300 ## - PHYSICAL DESCRIPTION
Extent 24 pages :
Other physical details illustrations, color ;
Dimensions 22 cm.
490 ## - SERIES STATEMENT
Series statement Litertua 2000.,
Volume/sequential designation Nivel 6.
500 ## - GENERAL NOTE
General note English version published in 1990.
526 ## - STUDY PROGRAM INFORMATION NOTE
Program name Litertua 2000,
Reading level Nivel 6.
700 1# - ADDED ENTRY--PERSONAL NAME
Personal name Cappellini, Mary
700 1# - ADDED ENTRY--PERSONAL NAME
Personal name Pollard, Bryan
942 ## - ADDED ENTRY ELEMENTS (KOHA)
Koha item type Libro/Book

No items available.

Powered by Koha